| 000 | 01070nam a22002777a 4500 | ||
|---|---|---|---|
| 001 | BR8702494 | ||
| 003 | BR-BrBNA | ||
| 005 | 20230928092508.0 | ||
| 007 | ta | ||
| 008 | 230509b bl.||||| |||| 00| 0 por d | ||
| 040 |
_aBR-BrBNA _bpor _cBiblioteca Nacional de Agricultura |
||
| 041 | _a(Por) | ||
| 072 |
_aE16 _b0230 _b/G514 |
||
| 090 | _ 0230 BR8702494 | ||
| 100 | 1 | _aRodrigues, I.P. da F. | |
| 110 | 1 |
_aUniversidade Federal de Minas Gerais, Belo Horizonte (Brasil). Faculdade de Ciencias Economicas _0Tese (Mestrado) _910846 |
|
| 245 | 1 | _aEstilo gerencial e lucrativo da cana-de-acucar (um estudo sobre as variaveis socio-economicas no processo decisorio do gerente rural ligado a cana-de-acucar na regiao de Ponte Nova, MG)[Minas Gerais] | |
| 260 | 3 |
_aBelo Horizonte, MG (Brasil): _c1978. |
|
| 300 | _a193 p. | ||
| 500 | _a(*) Documento disponível no(a) UFMG, Belo Horizonte, MG (Brazil). Biblioteca Central | ||
| 650 | _aCANA DE ACUCAR | ||
| 650 | _aCUSTO DE PRODUCAO | ||
| 650 | _aMINAS GERAIS | ||
| 909 |
_a202309 _bLucia _c55 _dLucia Elande |
||
| 942 | _cBK | ||
| 999 |
_c39409 _d39409 |
||